000 00390nam a22001097a 4500
082 _a160
100 _aझा,सुशीन
_979437
245 _aसामान्‍य बुद्धि एवं तर्कशक्ति परीक्षण
260 _aनई दिल्‍ली
_bGuider Competitive Group
_c2020
650 _aतर्कशक्ति
_973188
942 _cHIN
999 _c63037
_d63037